ՀՀ Գիտությունների ազգային ակադեմիայի հիմնարար գիտական գրադարան  =   Fundamental Scientific Library of NAS RA
Normal view MARC view

Entry Personal Name

Number of records used in: 1

001 - CONTROL NUMBER

  • control field: 3790

003 - CONTROL NUMBER IDENTIFIER

  • control field: AM-YEHGA

005 - DATE AND TIME OF LATEST TRANSACTION

  • control field: 20250617070447.0

008 - FIXED-LENGTH DATA ELEMENTS

  • fixed length control field: 090615 a|ac|n|aab||||||||||||a |n|||||||

040 ## - CATALOGING SOURCE

  • Original cataloging agency: AM-YEHGA

100 1# - HEADING--PERSONAL NAME

  • Personal name: Ղումաշյան, Ալեքսանդր Տելեմակի,
  • Dates associated with a name: 1957-

400 1# - SEE FROM TRACING--PERSONAL NAME

  • Personal name: Ղումաշյան, Ալեքսանդր,
  • Dates associated with a name: 1957-

400 1# - SEE FROM TRACING--PERSONAL NAME

  • Personal name: Ղումաշյան, Ալեքսանդր

400 1# - SEE FROM TRACING--PERSONAL NAME

  • Personal name: Ղումաշյան, Ա.
  • Fuller form of name: (Ալեքսանդր),
  • Dates associated with a name: 1957-

400 1# - SEE FROM TRACING--PERSONAL NAME

  • Personal name: Ղումաշյան, Ա.

400 1# - SEE FROM TRACING--PERSONAL NAME

  • Personal name: Гумашян, Александр,
  • Dates associated with a name: 1957-

400 1# - SEE FROM TRACING--PERSONAL NAME

  • Personal name: Гумашян, Александр

400 1# - SEE FROM TRACING--PERSONAL NAME

  • Personal name: Ghumashyan, Alexander,
  • Dates associated with a name: 1957-

400 1# - SEE FROM TRACING--PERSONAL NAME

  • Personal name: Ghumashyan, Alexander

670 ## - SOURCE DATA FOUND

  • Source citation: Ապրելու իմ ժամանակը : Բանաստեղծություններ, 2008 :
  • Information found: Ղումաշյան Ալեքսանդր (ծ. 20.08.1957 թ., Լորռվա Մարգահովիտ գ-ում), լրագրող, խմբագիր:

670 ## - SOURCE DATA FOUND

  • Source citation: Ախր ցավն էլ չափ կունենա : [Բանաստեղծութ.], 2007 :
  • Information found: տիտղթ. (խմբ.՝ Ալեքսանդր Ղումաշյան)

670 ## - SOURCE DATA FOUND

  • Source citation: Բնության պես անաղարտ հոգի : [Բանաստեղծություններ, հուշեր, գնահատումներ նվիրված Ռ. Թումանյանին], 2005 :
  • Information found: տիտղթ. (խմբ.՝ Ա. Ղումաշյան)


ՀՀ ԳԱԱ հիմնարար գիտական գրադարան
ՀՀ,Երևան 0019
Մարշալ Բաղրամյան 24/6
հեռախոս:(374-10) 52-47-50
Հետադարձ կապ

All site content, except where otherwise noted, is licensed under a
Creative Commons License